000 00666nas a2200229 4500
001 BR9204980
003 BR-BrBNA
005 20231205092812.0
007 ta
008 230509b bl.|||p| |||| 00| 00por d
040 _aBR-BrBNA
_bpor
_cBiblioteca Nacional de Agricultura
041 _a(Pt)
072 _aF01
100 1 _aPeixoto, A.R.
245 1 _aArrancamento de mudas tem tecnica e epoca proprias
650 _aMUDA
650 _aPRATICA CULTURAL
650 _aEPOCA DE PLANTIO
773 0 _tAgricultura e Pecuaria (Brazil)
_xISSN 0100-249X
_g(Jun 1967), v. 38(517) p. 16
_wBR9204980
909 _a202311
_bLúcia
_c55
_dLúcia Elande
942 _2AGRIS
_n0
_cANA
999 _c134306
_d134306